| 000 | 00825nam a2200205Ii 4500 | ||
|---|---|---|---|
| 003 | JO-AjNU | ||
| 008 | 230605s9999||||xx |||||||||||||| ||und|| | ||
| 017 | _a2001/3231 | ||
| 040 |
_aJO-AjNU _bara _erda _cJO-AjNU |
||
| 041 | _aara | ||
| 050 | 1 | 4 | _aLB2805.N3468 2002 |
| 100 | 3 |
_aالنجار، فريد, _eauthor _943877 |
|
| 245 | 0 | 0 | _aتنمية المهارات القيادية في منظمات التربية والتعليم تجارب عربية وخليجية وعالمية |
| 264 | 3 | 1 | _aالإسكندرية:المكتبة المصرية،2002 |
| 300 | _a304ص | ||
| 336 |
_atext _btxt _2rdacontent |
||
| 337 |
_aunmediated _bn _2rdamedia |
||
| 338 |
_avolume _bnc _2rdacarrier |
||
| 650 | 4 |
_aالرؤساء والمديرون-تدريب. القيادة الإدارية-التدريب الإداري _943878 |
|
| 999 |
_aA18898 _c22466 _d22466 |
||